El aire de mi ciudad : (Registro nro. 19601)

Detalles MARC
000 -CABECERA
Campo de control 00739nam a2200193 a 4500
005 - FECHA Y HORA DE LA ULTIMA TRANSACCION
Campo de control 20170809164718.0
008 - ELEMENTOS DE LONGITUD FIJA—INFORMACION GENERAL
Campo de control 170609n ck abo|| |||| 00| 0 spa d
040 ## - FUENTE DE CATALOGACIÓN
Agencia catalogadora original CO-BoIAVH
Agencia transcriptora CO-BoIAVH
041 0# - IDIOMA
Código de idioma para texto/pista de sonido o título separado Español
044 ## - PAÍS DE PUBLICACIÓN
País de publicación Colombia
090 ## - CLASIFICACIÓN LOCAL
Colección FG-
Consecutivo 0134
245 03 - MENCION DE TITULO
Título El aire de mi ciudad :
Parte restante del título Acciones y estrategias para evitar contaminarlo /
260 ## - PUBLICACION, DISTRIBUCION, ETC. (PIE DE IMPRENTA)
Lugar de publicación, distribución, etc. Medellín (Colombia) :
Nombre del editor, distribuidor, etc. Alcaldía de Medellín,
Fecha de publicación, distribución, etc. [s.f.].
300 ## - DESCRIPCION FISICA
Extensión 40 páginas :
Otros detalles físicos ilustraciones a color, mapas y fotografías a color ;
Dimensiones 17 x 24 cm.
Material acompañante +1 CD-ROM
650 26 - ASIENTO SECUNDARIO DE MATERIA - TERMINO TEMATICO
Término temático o nombre geográfico como elemento de entrada Protección ambiental
Subdivisión geográfica Medellín (Colombia)
9 (RLIN) 82973
650 26 - ASIENTO SECUNDARIO DE MATERIA - TERMINO TEMATICO
Término temático o nombre geográfico como elemento de entrada Educación ambiental
Subdivisión geográfica Medellín (Colombia)
9 (RLIN) 82974
650 26 - ASIENTO SECUNDARIO DE MATERIA - TERMINO TEMATICO
Término temático o nombre geográfico como elemento de entrada Polución del aire
Subdivisión geográfica Medellín (Colombia)
9 (RLIN) 82975
942 ## - ELEMENTOS ADICIONALES (KOHA)
Sistema de clasificación Local
Tipo de ítem Folleto
Existencias
Withdrawn status Lost status Sistema de Clasificación Damaged status No para préstamo Colección Inventariado Ubicación Permanente Ubicación actual Fecha de adquisición Total Checkouts Número topográfico Inventario / Código de Barras Date last seen Ejemplar Price effective from Forma de adquisición Tipo de material
    Local     Hemeroteca Inventariado 2017 Bogotá Bogotá 09/06/2017   FG-0134 034939 09/06/2017 Ej.1 09/06/2017 Donación Folleto